000
00310nam a22001217a 4500
008
180607b xxu||||| |||| 00| 0 eng d
041
_a
eng
080
_a
043.3
100
_a
0
101
_a
MEK-BA
245
_a
Procesi i Punes se Fabrikes se Ujit Badoc dhe mirembajtja elektrike
_c
Paloja, A
942
_2
udc
_c
BK
999
_c
46529
_d
46529